[Event "JUG-ch sf"]
[Site "Kladovo"]
[Date "1994.??.??"]
[Round "?"]
[White "Milanovic, Danilo"]
[Black "Pavlovic, Dragoljub"]
[Result "0-1"]
[WhiteElo "2300"]
[BlackElo "2335"]

1.d4 Nf6 2.c4 e6 3.Nf3 b6 4.g3 Ba6 5.b3 Bb4+ 6.Bd2 Be7 7.Bg2 c6 8.O-O d5
9.Qc2 O-O 10.Bf4 Nbd7 11.Nbd2 Rc8 12.e4 c5 13.exd5 exd5 14.Qb2 cxd4 15.Nxd4 Nc5
16.Be3 Qd7 17.Rfd1 Rfd8 18.Bf1 Bb7 19.f3 dxc4 20.Nxc4 Nd5 21.Bf2 Bf6 22.Rd2 a6
23.Rad1 b5 24.Na3 Ne6 25.Qb1 Nc3 26.Nxe6 Qxe6 27.Rxd8+ Bxd8 28.Rxd8+ Rxd8
29.Qc2 Qc6 30.Qf5 Qxf3 31.Qxf3 Bxf3 32.Be1 Ne4  0-1

[Event "Kopavogur"]
[Site "Kopavogur"]
[Date "1994.??.??"]
[Round "?"]
[White "Kristensen, Bjarke"]
[Black "Olafsson, Helgi"]
[Result "0-1"]
[WhiteElo "2465"]
[BlackElo "2535"]

1.d4 Nf6 2.Nf3 e6 3.c4 b6 4.g3 Ba6 5.b3 d5 6.Bg2 Be7 7.O-O O-O 8.Ne5 c6 9.Nc3 Nfd7
10.Nxd7 Qxd7 11.Qc2 dxc4 12.Rd1 cxb3 13.axb3 Bb7 14.e4 Na6 15.Qe2 Nb4 16.Be3 a5
17.Rd2 b5 18.Qg4 Rfd8 19.e5 Kh8 20.Qf3 Kg8 21.Qg4 Nd5 22.Bh6 g6 23.Ne4 a4
24.bxa4 Rxa4 25.Rad1 Rda8 26.Bg5 Bf8 27.h4 b4 28.h5 Ra1 29.hxg6 fxg6 30.Bf6 Nc3
31.Bh3 Nxe4 32.Qxe4 R8a5 33.Qc2 Rxd1+ 34.Qxd1 Ra3 35.Kh2 Kf7 36.Qg4 Ba6 37.d5 cxd5
38.Rd4 Rc3 39.Qh4 Ke8 40.Rxb4 Bxb4 41.Qxb4 Rc2 42.Qb6 Rc6 43.Qb4 Qa7 44.Qf4 Qc5
45.Bg5 Bc4 46.Qe3 Qf8 47.Qc3 Qf7 48.Qa3 Ba6 49.Qa4 Kd7 50.Bf6 Qf8 51.Qh4 Qf7
52.Qa4 Kc7 53.Qb4 Qd7 54.Be7 Rb6 55.Qc5+ Kb7 56.Bd6 g5 57.Qd4 Bc4 58.Bg4 Qf7
59.Bh3 h5 60.f4 Rxd6 61.exd6 Kc6 62.Bg2 g4 63.Be4 Kxd6 64.Bg2 Qc7 65.Be4 Qf7
66.Qe5+ Kc6 67.Kg2 Qe8 68.Bf5 Kd7 69.Bc2 Qa8 70.f5 exf5 71.Qxf5+ Kd6 72.Qf6+ Kc5
73.Bg6 Qa2+ 74.Kh1 d4 75.Be8 Kb4 76.Qe7+ Kb3 77.Bf7 Qb1+ 78.Kh2 Qc2+ 79.Kh1 Bxf7
80.Qxf7+ Qc4 81.Qb7+ Kc3 82.Qg7 Qf1+ 83.Kh2 Qh3+  0-1

[Event "Las Vegas op"]
[Site "Las Vegas"]
[Date "1994.??.??"]
[Round "?"]
[White "Torres, Javier"]
[Black "Dimitrijevic, Darko"]
[Result "1-0"]
[WhiteElo "2335"]
[BlackElo "2280"]

1.d4 Nf6 2.c4 e6 3.Nf3 b6 4.g3 Ba6 5.b3 d5 6.Bg2 dxc4 7.Ne5 Bb4+ 8.Kf1 c6
9.Nxc4 O-O 10.Bb2 Nbd7 11.Bxc6 Rc8 12.Bf3 Bxc4 13.bxc4 Rxc4 14.Na3 Rc8 15.Nb5 a5
16.a3 Be7 17.Na7 Rc7 18.Nc6 Qe8 19.Qb3 Bd6 20.Kg2 Nb8 21.Nxb8 Qxb8 22.e4 Be7
23.Rac1 Rfc8 24.Rxc7 Rxc7 25.e5 Nd5 26.Bxd5 exd5 27.Qxd5 Rc2 28.Rc1 Rxc1
29.Bxc1 Qc8 30.Be3 Bxa3 31.Qb3 Bb4 32.d5 b5 33.d6 Qc6+ 34.f3 Kf8 35.Qd3 Ke8
36.Qxh7 Qd5 37.Qxg7 Bc3 38.Qg8+ Kd7 39.Qb8 Qa2+ 40.Kh3 Qe6+ 41.g4 Bxe5 42.Qxb5+ Kxd6
43.Qxa5 Qc4 44.Qd8+ Ke6 45.Qb6+ Kd7  1-0

[Event "Liechtenstein op"]
[Site "Liechtenstein"]
[Date "1994.??.??"]
[Round "4"]
[White "Hicker, Harald"]
[Black "Kohlweyer, Bernd"]
[Result "0-1"]
[WhiteElo "2095"]
[BlackElo "2450"]

1.Nf3 Nf6 2.d4 e6 3.c4 b6 4.g3 Ba6 5.Qa4 c5 6.Bg2 Bb7 7.dxc5 Bxc5 8.O-O O-O
9.Nc3 Be7 10.Rd1 Na6 11.Bf4 Qc8 12.Bd6 Bxd6 13.Rxd6 Nc5 14.Qd1 Rd8 15.Rc1 Nce4
16.Nxe4 Nxe4 17.Rd4 Qc7 18.Nd2 Nf6 19.Ne4 Bxe4 20.Bxe4 Rac8 21.Bb1 d5 22.Qc2 e5
23.Rh4 Qe7 24.b3 g6 25.Qb2 d4 26.Qd2 e4 27.Re1 h5 28.f3 e3 29.Qd3 Qc5 30.Rf4 Rd6
31.h4 a5 32.Rd1 Rcd8 33.Kg2 Kg7 34.g4 Qe5 35.Kg3 Re6 36.g5 Nh7 37.Qe4 Qc7
38.Qd3 Nf8 39.Rc1  0-1

[Event "Linares op"]
[Site "Linares"]
[Date "1994.??.??"]
[Round "3"]
[White "Gonzalez Garcia, Jose"]
[Black "Komljenovic, Davor"]
[Result "1-0"]
[WhiteElo "2420"]
[BlackElo "2470"]

1.d4 Nf6 2.c4 e6 3.Nf3 b6 4.g3 Ba6 5.b3 Bb4+ 6.Bd2 Be7 7.Bg2 c6 8.Bc3 d5
9.Ne5 Nfd7 10.Nxd7 Nxd7 11.O-O O-O 12.Nd2 Rc8 13.e4 b5 14.Re1 bxc4 15.bxc4 dxc4
16.Qa4 Bb5 17.Qc2 Nf6 18.Rab1 Nd7 19.a4 Ba6 20.Bf1 c5 21.d5 exd5 22.exd5 Nb6
23.Ba5 Bb7 24.Bg2 c3 25.Nc4 Bf6 26.Bxc3 Bxc3 27.Qxc3 Nxd5 28.Qe5 Bc6 29.Nd6 Rc7
30.Bxd5 Bxd5 31.Qxd5 Rd7 32.Red1 Qa5 33.Nc4 Rxd5 34.Nxa5 Rxd1+ 35.Rxd1 Rb8
36.Nc6 Ra8 37.Rd8+ Rxd8 38.Nxd8 Kf8 39.Nc6 c4 40.Kf1  1-0

[Event "Linares op"]
[Site "Linares"]
[Date "1994.??.??"]
[Round "6"]
[White "Gonzalez Garcia, Jose"]
[Black "Rodriguez, Amador"]
[Result "1/2-1/2"]
[WhiteElo "2420"]
[BlackElo "2470"]

1.d4 Nf6 2.c4 e6 3.Nf3 b6 4.g3 Ba6 5.b3 Bb7 6.Bg2 Bb4+ 7.Bd2 Be7 8.O-O O-O
9.Nc3 Na6 10.Bc1 d5 11.Ne5 c5 12.dxc5 bxc5 13.Bb2 Nc7 14.Qc2 Qd6 15.cxd5 exd5
16.Nc4 Qa6 17.Ne3 Rfe8 18.Nf5 Bf8 19.Qd2 d4 20.Qg5 Bxg2 21.Nh6+ Kh8  1/2-1/2

[Event "Ljubljana op"]
[Site "Ljubljana"]
[Date "1994.??.??"]
[Round "?"]
[White "Varga, Zoltan"]
[Black "Slak, Marjan"]
[Result "1-0"]
[WhiteElo "2470"]
[BlackElo "2225"]

1.d4 Nf6 2.c4 e6 3.Nf3 b6 4.g3 Ba6 5.Qa4 c5 6.Bg2 Bb7 7.O-O cxd4 8.Rd1 Be7
9.Nxd4 Bxg2 10.Kxg2 O-O 11.Nc3 a6 12.e4 Qc8 13.Bf4 Qb7 14.f3 d6 15.Nc2 Qc7
16.Nb5 axb5 17.Qxa8 Qxc4 18.Nd4 e5 19.Rac1 Qb4 20.a3 Qxb2+ 21.Rc2 Qxd4 22.Rxd4 exd4
23.Rc7 Nbd7 24.Qc6  1-0

[Event "Ljubljana op"]
[Site "Ljubljana"]
[Date "1994.??.??"]
[Round "?"]
[White "Burmakin, Vladimir"]
[Black "Fucak, Emilijo"]
[Result "1-0"]
[WhiteElo "2530"]
[BlackElo "2280"]

1.d4 Nf6 2.c4 e6 3.Nf3 b6 4.g3 Ba6 5.Qa4 Bb7 6.Bg2 Be7 7.O-O O-O 8.Rd1 d6
9.Nc3 Ne4 10.Nxe4 Bxe4 11.d5 Qe8 12.Qxe8 Rxe8 13.Bh3 Bf6 14.Nd4 Bxd4 15.Rxd4 Bf5
16.Bg2 e5 17.Rd1 a5 18.e4 Bg6 19.g4 Nd7 20.b3 h5 21.h3 hxg4 22.hxg4 f6 23.f3 Bf7
24.Be3 g5 25.a3 Ra7 26.Rab1 Kf8 27.Bf1 Ke7 28.Rb2 Rea8 29.Rc1 Rc8 30.b4 axb4
31.axb4 c6 32.dxc6 Rxc6 33.Rd2 Ra3 34.Kf2 Rb3 35.b5 Rc7 36.Rcd1 Rc3 37.Rxd6 Bxc4
38.Bxc4 R3xc4 39.Bxb6 Rb7 40.Be3 Rc2+ 41.Kg3 Rb2 42.b6 Nxb6 43.Bc5 Kf7 44.Rh1 Nc4
45.Rd8 Kg6 46.Rdh8 Nd2 47.Be3 R7b3 48.Bxd2 Rxd2 49.R8h7  1-0

[Event "Ljubljana op"]
[Site "Ljubljana"]
[Date "1994.??.??"]
[Round "?"]
[White "Vospernik, Zdravko"]
[Black "Votava, Jan"]
[Result "1-0"]
[WhiteElo "2180"]
[BlackElo "2410"]

1.d4 Nf6 2.Nf3 e6 3.c4 b6 4.g3 Ba6 5.Nbd2 b5 6.b3 Bb4 7.Qc2 Bb7 8.Bg2 Be4
9.Qb2 d5 10.O-O O-O 11.cxb5 Qe8 12.Nxe4 Nxe4 13.Qc2 Qxb5 14.Ng5 Nxg5 15.Bxg5 a5
16.Rfc1 Ba3 17.Rd1 Na6 18.Bf1 Qb7 19.Bc1 Be7 20.e3 Nb4 21.Qc3 Rfc8 22.a3 Nc6
23.Bd2 Nd8 24.b4 axb4 25.axb4 f5 26.h3 Nf7 27.Rxa8 Rxa8 28.Ra1 Rxa1 29.Qxa1 Ng5
30.Kg2 Ne4 31.Be1 Kf7 32.b5 Nd6 33.Qa4 Nc8 34.Be2 Bd6 35.g4 g6 36.gxf5 exf5
37.Bf3 Nb6 38.Qa2 Ke6 39.Bd2 Qb8 40.Bc3 Nc4 41.Qa6 Nb6 42.Ba5 Nd7 43.Bb4 Qb6
44.Bxd5+ Ke7 45.Bc3 Qb8 46.Bc6 Nb6 47.Qa2 h5 48.Qb3 Kf6 49.Bb2 Qf8 50.Qd3 Qh6
51.d5+ Kf7 52.Qd4 g5 53.e4 Bf4 54.exf5 Nc8 55.Bd7 Nd6 56.Be6+ Kf8 57.b6 g4
58.bxc7 gxh3+ 59.Kxh3 Qg5 60.Qf6+  1-0

[Event "EUCup Gr3"]
[Site "Lubniewice"]
[Date "1994.??.??"]
[Round "1"]
[White "Grabliauskas, Virginijus"]
[Black "Fish, Gannadij"]
[Result "1/2-1/2"]
[WhiteElo "2425"]
[BlackElo "2435"]

1.d4 Nf6 2.c4 e6 3.Nf3 b6 4.g3 Ba6 5.b3 d5 6.Bg2 Bb4+ 7.Bd2 Bd6 8.cxd5 exd5
9.Nc3 O-O 10.O-O Re8 11.Re1 Nbd7 12.Nh4 c6 13.e4 dxe4 14.Nxe4 Nxe4 15.Bxe4 Bb7
16.Qf3 Rc8 17.Nf5 Bf8 18.Qg4 g6 19.Bg5 Qc7 20.Bf4 Qd8 21.Bg5 Qc7 22.Bf4 Qd8
23.Bg5  1/2-1/2

[Event "EUCup f"]
[Site "Lyon"]
[Date "1994.??.??"]
[Round "?"]
[White "Horvath, Csaba"]
[Black "Kurajica, Bojan"]
[Result "1-0"]
[WhiteElo "2540"]
[BlackElo "2565"]

1.d4 Nf6 2.c4 e6 3.Nf3 b6 4.g3 Ba6 5.b3 d5 6.Bg2 Bb4+ 7.Bd2 Be7 8.cxd5 exd5
9.Nc3 O-O 10.O-O Bb7 11.Qc2 Na6 12.Rfd1 c6 13.Qb2 Re8 14.Rac1 Bd6 15.Bf4 Nc7
16.Bxd6 Qxd6 17.e3 Nd7 18.Ne1 Ne6 19.b4 Nf6 20.Nd3 Rac8 21.a4 Rc7 22.Ne2 Ng5
23.Rc2 Bc8 24.b5 c5 25.dxc5 bxc5 26.Ndf4 Bf5 27.Rcd2 Nge4 28.Rxd5 Nxd5 29.Rxd5 Rd7
30.Rxd6 Rxd6 31.Nc3 Nxc3 32.Qxc3 Rd1+ 33.Bf1 Red8 34.f3 Bb1 35.h4 R8d2 36.Nh5 f6
37.Qc4+ Kf8 38.Qxc5+ Ke8 39.Qc8+ Ke7 40.Qc7+ Rd7 41.Qc5+ Kf7 42.Kg2 g5 43.hxg5 fxg5
44.g4  1-0

[Event "EUCup f"]
[Site "Lyon"]
[Date "1994.??.??"]
[Round "?"]
[White "Shneider, Aleksandr"]
[Black "Olafsson, Helgi"]
[Result "1/2-1/2"]
[WhiteElo "2535"]
[BlackElo "2520"]

1.d4 Nf6 2.c4 e6 3.Nf3 b6 4.g3 Ba6 5.b3 Bb7 6.Bg2 Bb4+ 7.Bd2 c5 8.Bxb4 cxb4
9.O-O O-O 10.Qd3 d5 11.Nbd2 Nbd7 12.a3 a5 13.axb4 axb4  1/2-1/2

[Event "Madrid-B"]
[Site "Madrid"]
[Date "1994.??.??"]
[Round "2"]
[White "Gallego, Victoriano"]
[Black "Rajkovic, Dusan"]
[Result "0-1"]
[WhiteElo "2360"]
[BlackElo "2475"]

1.d4 e6 2.c4 Nf6 3.Nf3 b6 4.g3 Ba6 5.b3 b5 6.cxb5 Bxb5 7.Bg2 Bb4+ 8.Bd2 a5
9.O-O Bc6 10.a3 Be7 11.Nc3 Qc8 12.Bg5 Qb7 13.Qc2 Ra6 14.Bxf6 Bxf6 15.e4 O-O
16.Rfd1 d6 17.Rd3 Rb6 18.Nd2 d5 19.exd5 exd5 20.Rb1 Rd8 21.Nf1 Be7 22.Ne3 Bxa3
23.Ncxd5 Rxd5 24.Nxd5 Bxd5 25.Bxd5 Qxd5 26.Qxc7 Rb7 27.Qc8+ Bf8 28.Qc3 h5
29.Re1 Nd7 30.Qc4 Qf5 31.Rde3 h4 32.gxh4 Nf6 33.Qc6 Rd7  0-1

[Event "Madrid-B"]
[Site "Madrid"]
[Date "1994.??.??"]
[Round "6"]
[White "Garcia Palermo, Carlos"]
[Black "Rajkovic, Dusan"]
[Result "1/2-1/2"]
[WhiteElo "2460"]
[BlackElo "2475"]

1.d4 Nf6 2.c4 e6 3.Nf3 b6 4.g3 Ba6 5.Qa4 Bb7 6.Bg2 c5 7.O-O Bc6 8.Qb3 d6
9.Rd1 cxd4 10.Nxd4 Bxg2 11.Kxg2 a6 12.Bg5 Nbd7 13.Qa4 Be7 14.Nc3 Qc7 15.f3 O-O
16.Nc6 Bd8 17.Nxd8 Rfxd8 18.Rd4 h6  1/2-1/2

[Event "Mislata op 3th"]
[Site "Mislata"]
[Date "1994.??.??"]
[Round "9"]
[White "Sanchez Guirado, Francisco"]
[Black "Veingold, Aleksandr"]
[Result "1/2-1/2"]
[WhiteElo "2320"]
[BlackElo "2430"]

1.d4 Nf6 2.Nf3 e6 3.c4 b6 4.g3 Ba6 5.b3 b5 6.Bg2 bxc4 7.bxc4 Bxc4 8.O-O Bd5
9.Nc3 Bc6 10.Qc2 Bb4  1/2-1/2

[Event "Moravia-ch op"]
[Site "Moravia"]
[Date "1994.??.??"]
[Round "?"]
[White "Zpevak, Pavel"]
[Black "Polak, Tomas"]
[Result "1/2-1/2"]
[WhiteElo "2375"]
[BlackElo "2410"]

1.d4 Nf6 2.c4 e6 3.Nf3 b6 4.g3 Ba6 5.b3 Bb7 6.Bg2 Bb4+ 7.Bd2 a5 8.O-O O-O
9.a3 Bxd2 10.Qxd2 d6 11.Nc3 Ne4 12.Qc2 Nxc3 13.Qxc3  1/2-1/2

[Event "Moravka opJ"]
[Site "?"]
[Date "1994.??.??"]
[Round "6"]
[White "Ovsejevitsch, Sergei"]
[Black "Berzinsh, Roland"]
[Result "1-0"]
[WhiteElo "2320"]
[BlackElo "2465"]

1.d4 Nf6 2.Nf3 e6 3.c4 b6 4.g3 Ba6 5.Qc2 c5 6.Bg2 Nc6 7.dxc5 Bxc5 8.O-O Rc8
9.Qa4 Bb7 10.Nc3 Na5 11.b4 Bxf3 12.Bxf3 Bd4 13.bxa5 Bxc3 14.Rb1 Bd4 15.Rd1 Bc5
16.axb6 axb6 17.Bf4 Be7 18.Bd6 Bxd6 19.Rxd6 O-O 20.Rdxb6 Qc7 21.Bb7 Rb8 22.Qb4 d6
23.a4 Nd7 24.Rc6 Qxc6 25.Bxc6 Rxb4 26.Rxb4 Nc5 27.a5 Rc8 28.Rb6 Kf8 29.a6 Rc7
30.Bb7  1-0

[Event "Moscow-ch"]
[Site "Moscow"]
[Date "1994.??.??"]
[Round "?"]
[White "Pankratov, A."]
[Black "Gagarin, Vasilij"]
[Result "1/2-1/2"]
[WhiteElo "2275"]
[BlackElo "2460"]

1.d4 Nf6 2.c4 e6 3.Nf3 b6 4.g3 Ba6 5.b3 Bb4+ 6.Bd2 Be7 7.Bg2 d5 8.O-O O-O
9.Ne5 Bb7 10.Bc3 Nbd7 11.Nxd7 Qxd7 12.Nd2 c5 13.e3 dxc4 14.Nxc4 Bxg2 15.Kxg2 Qb7+
16.Qf3 Qxf3+ 17.Kxf3 Nd5 18.Bb2 Rfd8 19.Rfd1  1/2-1/2

[Event "Moscow ol (Men)"]
[Site "Moscow"]
[Date "1994.??.??"]
[Round "3"]
[White "Bouaziz, Slim"]
[Black "James, David"]
[Result "1/2-1/2"]
[WhiteElo "2515"]
[BlackElo "2260"]

1.d4 Nf6 2.c4 e6 3.Nf3 b6 4.g3 Ba6 5.Qa4 Bb7 6.Bg2 c5 7.O-O cxd4 8.Nxd4 Bxg2
9.Kxg2 Be7 10.Nc3 O-O 11.Rd1 Qc7 12.Bf4 d6 13.Nf3 Rd8 14.Rac1 a6 15.Ng5 Nbd7
16.Nge4 Qb7 17.f3 Nxe4 18.Nxe4 Nc5  1/2-1/2

[Event "Moscow"]
[Site "Moscow"]
[Date "1994.??.??"]
[Round "4"]
[White "Rausis, Igors"]
[Black "Petkevich, Jusefs"]
[Result "1-0"]
[WhiteElo "2495"]
[BlackElo "2445"]

1.d4 Nf6 2.c4 e6 3.Nf3 b6 4.g3 Ba6 5.b3 d5 6.Bg2 dxc4 7.Ne5 Bb4+ 8.Kf1 Nfd7
9.a3 Bd6 10.Nxc4 Bxc4 11.bxc4 c6 12.f4 f5 13.Nc3 Nf6 14.e4 fxe4 15.Nxe4 Nxe4
16.Bxe4 Qf6 17.Kg2 O-O 18.Be3 Na6 19.Qd3 Rad8 20.Bxc6 Bc5 21.Rad1 Qe7 22.Be4 h6
23.Qb3 Bd6 24.Rhf1 Nb8 25.a4 Nd7 26.Bb1 Nf6 27.Qc2 Rc8 28.Rfe1 Qb7+ 29.Kg1 Qf3
30.Bc1 Qh5 31.Rxe6 Rfd8 32.Rde1 Bb4 33.Rxf6 gxf6 34.Qh7+ Kf8 35.Qh8+ Kf7
36.Qh7+ Kf8 37.Bg6 Qxg6 38.Qxg6 Bxe1 39.Ba3+  1-0

[Event "Moscow ol (Men)"]
[Site "Moscow"]
[Date "1994.??.??"]
[Round "5"]
[White "Tuvsanaa, Nyamaa"]
[Black "Kalesis, Nikolaos"]
[Result "1-0"]
[WhiteElo "2290"]
[BlackElo "2415"]

1.d4 Nf6 2.c4 e6 3.Nf3 b6 4.g3 Ba6 5.b3 Bb4+ 6.Bd2 Be7 7.Bg2 c6 8.O-O d5
9.Ne5 Nfd7 10.Nxd7 Nxd7 11.Bc3 O-O 12.Nd2 Rc8 13.Re1 b5 14.e4 dxe4 15.Bxe4 Nf6
16.Bg2 c5 17.cxb5 Bxb5 18.Nf3 Nd5 19.Bb2 c4 20.bxc4 Bxc4 21.Ne5 Bb4 22.Re4 Nf6
23.Nxc4 Rxc4 24.Qb3 Qc7 25.Re5 Bc3 26.Rc1 Rc8 27.Bf1 Rc6 28.Bb5 Ng4 29.Bxc6  1-0

[Event "Moscow ol (Women)"]
[Site "Moscow"]
[Date "1994.??.??"]
[Round "5"]
[White "Donaldson Akhmilovskaya, Elena"]
[Black "Kulish, Irina"]
[Result "0-1"]
[WhiteElo "2410"]
[BlackElo "2250"]

1.d4 Nf6 2.c4 e6 3.Nf3 b6 4.g3 Ba6 5.Qa4 c5 6.Bg2 Bb7 7.d5 exd5 8.Nh4 Bc6
9.Qc2 dxc4 10.e4 g6 11.O-O Bg7 12.Qxc4 O-O 13.Nc3 Re8 14.Bf4 Nxe4 15.Nd5 b5
16.Qd3 c4 17.Qd1 Bxb2 18.Nc7 d5 19.Nxa8 Bxa8 20.Rb1 Nc3 21.Qg4 Nxb1 22.Rxb1 Bg7
23.Rxb5 Re1+ 24.Bf1 Nd7 25.Nf3 Re8 26.Be3 d4 27.Nxd4 Re4 28.Qd1 Bxd4 29.Bg2 Rxe3
30.fxe3 Bxe3+ 31.Kh1 Bxg2+ 32.Kxg2 Qa8+ 33.Kh3 Qc6 34.Rd5 Qe6+ 35.Kg2 Nf6
36.Rd6 Qe4+ 37.Qf3 Qc2+ 38.Kh3 Bg5 39.Ra6 Qd3  0-1

[Event "Moscow2"]
[Site "Moscow"]
[Date "1994.??.??"]
[Round "8"]
[White "Gagarin, Vasilij"]
[Black "Arkhipov, Sergey"]
[Result "1/2-1/2"]
[WhiteElo "2425"]
[BlackElo "2530"]

1.d4 Nf6 2.Nf3 b6 3.c4 e6 4.g3 Ba6 5.b3 Bb7 6.Bg2 Bb4+ 7.Bd2 a5 8.O-O O-O
9.Nc3 Ne4 10.Qc2 Nxd2 11.Qxd2 Qe7 12.Qc2 Bxc3 13.Qxc3 d6 14.Rad1 Nd7 15.d5 e5
16.e4 Nc5 17.Nh4 g6 18.Rde1 Rae8 19.Bh3 c6 20.dxc6 Bxc6 21.f3 b5 22.Qxa5 Ra8
23.Qd2 bxc4 24.bxc4 Ra3 25.Re3 Rfa8 26.Rf2 Ne6 27.Bxe6 Qxe6 28.Rxa3 Rxa3
29.Qb4 Ra4 30.Qb8+ Kg7 31.Rd2 Rxc4 32.Qxd6 Rc1+ 33.Kf2 Qxd6 34.Rxd6 Rc2+
35.Ke3 Bb5 36.Rd2 Rc3+ 37.Kf2 Ra3 38.Ng2 Bc4 39.Ne3 Bxa2 40.Ng4 f6 41.Rd6 Bc4
42.Nxf6 Ra2+ 43.Ke1 Ra3 44.Ng4 Rxf3 45.Rd7+ Kg8 46.Kd2 Be6 47.Nxe5 Rf2+ 48.Ke3 Rxh2
49.Re7 Bh3 50.g4 g5 51.Kf3 Ra2 52.Nc4 Bf1 53.Ne3 Be2+ 54.Kg3 Ra3 55.Kf2 Ra2
56.Kg3  1/2-1/2

[Event "Moscow ol (Men)"]
[Site "Moscow"]
[Date "1994.??.??"]
[Round "8"]
[White "Garcia, Raul"]
[Black "Atlas, Valeri"]
[Result "0-1"]
[WhiteElo "2280"]
[BlackElo "2450"]

1.d4 Nf6 2.Nf3 b6 3.g3 e6 4.c4 Ba6 5.Qa4 Bb7 6.Bg2 c5 7.dxc5 Bxc5 8.O-O O-O
9.Nc3 Be7 10.Rd1 Na6 11.Bf4 Nc5 12.Qc2 Qc8 13.Rac1 Nce4 14.Nxe4 Bxe4 15.Qd2 Qb7
16.Bd6 Bxd6 17.Qxd6 Rac8 18.Rd4 Rc7 19.Rcd1 Rfc8 20.b3 b5 21.cxb5 Qxb5 22.R4d2 Qa5
23.Qf4 h6 24.Ne5 Bc2 25.Ra1 Bxb3 26.Rb2 Bc2 27.Qd4 Qa3 28.Qb4 Qxb4 29.Rxb4 d6
30.Nf3 Be4 31.Ne1 d5 32.Bxe4 Nxe4 33.f3 Nc3 34.Kf2 Rc4 35.Rb7 Ra4 36.a3 a6
37.Nd3 Nb5 38.Ne5 Rxa3 39.Rxa3 Nxa3 40.Ra7 Nb5 41.Rxa6 f6 42.Nd3 e5 43.Rb6 Nc3
44.Rb7 Ra8 45.Nc5 Ra2 46.Ne6 Nxe2 47.Nxg7 Nd4+ 48.Kf1 Nxf3 49.h4 Nh2+ 50.Kg1 Ng4
51.Nf5 Kf8 52.h5 d4 53.Rd7 Ke8 54.Rg7 Nf2  0-1

[Event "Moscow2"]
[Site "Moscow"]
[Date "1994.??.??"]
[Round "9"]
[White "Shipov, Sergei"]
[Black "Gagarin, Vasilij"]
[Result "1/2-1/2"]
[WhiteElo "2525"]
[BlackElo "2425"]

1.d4 Nf6 2.Nf3 e6 3.c4 b6 4.g3 Ba6 5.b3 Bb4+ 6.Bd2 Be7 7.Bg2 c6 8.Bc3 d5
9.Ne5 Nfd7 10.Nxd7 Nxd7 11.Nd2 O-O 12.O-O Rc8 13.e4 b5 14.Re1 dxe4 15.Bxe4 c5
16.cxb5 Bxb5 17.d5 exd5 18.Bxd5 Nb6 19.Bg2 Bf6 20.Bxf6 Qxf6 21.Ne4 Qg6 22.Qd2 Bc6
23.Rac1 c4 24.bxc4 Rfd8 25.Qa5 f5 26.Nd2 Bxg2 27.Kxg2 Rd3 28.Nf1 Qc6+ 29.Kg1 f4
30.Qf5 Rd4 31.Re7 Rf8 32.Qe5 Qf6 33.Qxf6 Rxf6 34.c5 Nc4 35.Rxa7 Ne5 36.Re7 Nc6
37.Rc7 h6 38.Rb1 Rd5 39.a4 Rxc5 40.Nd2 Ra5 41.Rb6 Ne5 42.Rb5 Rxb5 43.axb5 fxg3
44.hxg3 Rd6 45.Ne4 Rd1+ 46.Kg2 Rb1 47.f4 Rb2+ 48.Kh3 Nf3 49.Rc5 g6 50.g4 Ng1+
51.Kh4 Rb3 52.Nc3 Kf7 53.f5 Nf3+ 54.Kg3 Nd4 55.Kf4 Rxc3 56.Rxc3 Ne2+ 57.Ke5 Nxc3
58.b6 Na4 59.b7 Nc5 60.b8=N  1/2-1/2

[Event "Moscow"]
[Site "Moscow"]
[Date "1994.??.??"]
[Round "11"]
[White "Naumkin, Igor"]
[Black "Ivanov, Victor L"]
[Result "1/2-1/2"]
[WhiteElo "2455"]
[BlackElo "2385"]

1.d4 Nf6 2.Nf3 e6 3.c4 b6 4.g3 Ba6 5.b3 Bb7 6.Bg2 Bb4+ 7.Bd2 Be7 8.Nc3 O-O
9.O-O Na6 10.Ne5 d5 11.cxd5 exd5 12.Nd3 Ne4 13.Nf4 Bf6 14.e3 Re8  1/2-1/2

[Event "Moscow ol (Men)"]
[Site "Moscow"]
[Date "1994.??.??"]
[Round "12"]
[White "Barus, Cerdas"]
[Black "Abarca Aguirre, Manuel"]
[Result "1-0"]
[WhiteElo "2405"]
[BlackElo "2360"]

1.d4 Nf6 2.c4 e6 3.Nf3 b6 4.g3 Ba6 5.b3 Bb7 6.Bg2 Bb4+ 7.Bd2 a5 8.O-O O-O
9.Qc2 d6 10.Rd1 Nbd7 11.Nc3 Bxc3 12.Bxc3 Be4 13.Qb2 c6 14.Bf1 Qe7 15.Nh4 d5
16.f3 Bg6 17.Rac1 Rfc8 18.Nxg6 hxg6 19.Bg2 Ne8 20.e4 Nd6 21.Qe2 Qd8 22.e5 Nf5
23.f4 a4 24.b4 b5 25.c5 Qe7 26.Be1 Kh7 27.Rd3 Rh8 28.g4 Nh6 29.Rh3 Kg8 30.Bh4 Qe8
31.Rcc3 Rh7 32.Rce3 Qf8 33.Bg5 Rh8 34.Reg3 Re8 35.Qd3 Rh7 36.Bf3 Rh8 37.Bd1 Rh7
38.Bc2 Rh8 39.Rh4 Rh7 40.Rgh3 Rh8 41.Qg3  1-0

[Event "Nagykanizsa op"]
[Site "Nagykanizsa"]
[Date "1994.??.??"]
[Round "?"]
[White "Kustar, Sandor"]
[Black "Kopjonkin, Gennady"]
[Result "1/2-1/2"]
[WhiteElo "2360"]
[BlackElo "2390"]

1.d4 Nf6 2.Nf3 e6 3.c4 b6 4.g3 Ba6 5.b3 Bb4+ 6.Bd2 Be7 7.Bg2 Bb7 8.Nc3 d5
9.cxd5 Nxd5 10.Nxd5 Bxd5 11.O-O Nd7 12.Qc2 c5 13.dxc5 Nxc5 14.Bc3 O-O 15.Rad1 Qc7
16.Qb2 f6 17.Bh3 Rfd8 18.Bd4 Kf7 19.Nh4 e5 20.Be3 Be6 21.Bg2 Rxd1 22.Rxd1 Rd8
23.Rc1 Qd7 24.Qb1 g6 25.b4 Na6 26.a3 Nc7 27.Bc6 Qd6 28.Ba4 Nd5 29.Bd2 Qb8
30.Ng2 Rc8 31.e4 Rxc1+ 32.Qxc1 Nc7 33.f4 b5 34.Bd1 exf4 35.gxf4 Qb7 36.Qc2 Bd6
37.Qd3 Qc6 38.Bf3 Be7 39.f5 Bc4 40.Qe3 Qa6 41.Qh6 gxf5 42.Qxh7+ Ke8 43.exf5 Kd7
44.Qh3 Qd6 45.Be3  1/2-1/2

[Event "New York op"]
[Site "New York"]
[Date "1994.??.??"]
[Round "8"]
[White "Bonin, Jay R"]
[Black "Razuvaev, Yuri S"]
[Result "1-0"]
[WhiteElo "2380"]
[BlackElo "2555"]

1.d4 Nf6 2.c4 e6 3.Nf3 b6 4.g3 Ba6 5.Nbd2 d5 6.cxd5 exd5 7.Ne5 Bb7 8.Qa4+ c6
9.Bg2 Be7 10.O-O O-O 11.Ndf3 c5 12.dxc5 bxc5 13.Nh4 Re8 14.Bg5 h6 15.Be3 Bf8
16.Nd3 c4 17.Nc1 Ng4 18.Bd4 Nc6 19.Bc3 Nce5 20.Nf5 Qb6 21.Nd4 Nf6 22.e3 Ne4
23.Nce2 Nd3 24.Qc2 a5 25.Rad1 a4 26.a3 Be7 27.Nf5 Bf6 28.Bd4 Bxd4 29.Nfxd4 g6
30.Nc3 Qa5 31.Ndb5 Red8 32.Nxe4 dxe4 33.Nc3 f5 34.g4 Kh7 35.gxf5 gxf5 36.Kh1 Rg8
37.Rg1 Qe5 38.Rdf1 Bc6 39.Nd1 Bd5 40.Qe2 Rab8 41.f4 exf3 42.Bxf3 Nf4 43.Qc2 Rxg1+
44.Kxg1 Rg8+ 45.Kh1 Nh3 46.Bxd5 Qxd5+ 47.e4 Qd4 48.Nf2 Nxf2+ 49.Qxf2 Qxe4+
50.Qf3 Rb8 51.Qxe4 fxe4 52.Rf2 Kg6 53.Kg2 Kg5 54.Kf1 Kg4 55.Kg2 Rb3 56.Rc2 h5
57.h3+ Kf4 58.Rxc4 Rxb2+ 59.Kg1 Kf3 60.Rc8 e3 61.Rf8+ Ke2 62.Rd8 Rd2 63.Rf8  1-0

[Event "Niksic"]
[Site "Niksic"]
[Date "1994.??.??"]
[Round "?"]
[White "Cosma, Ioan"]
[Black "Ivanovic, Bozidar"]
[Result "1/2-1/2"]
[WhiteElo "2375"]
[BlackElo "2470"]

1.d4 Nf6 2.c4 e6 3.Nf3 b6 4.g3 Ba6 5.Qa4 c5 6.Bg2 Bb7 7.dxc5 Bxc5 8.O-O O-O
9.Nc3 Ne4 10.Nxe4 Bxe4 11.Bf4 Nc6 12.Ne5 Bxg2 13.Kxg2 Nxe5 14.Bxe5 f6 15.Bc3 Qc7
16.Rad1 Rfd8 17.Rd3 Qb7+ 18.f3 a6 19.Rfd1 b5 20.cxb5 axb5 21.Qg4 Kh8 22.a3 Bf8
23.h4 f5 24.Qg5 d5 25.h5 b4 26.axb4 Bxb4 27.Bd4 Qe7 28.Qe3 Re8 29.f4 h6 30.Rc1 Qf7
31.Rb3 Rab8 32.Be5 Bd2 33.Rc7 Bxe3 34.Rxb8 Qxh5 35.Rxe8+ Qxe8 36.Rxg7 Qf8
37.Rf7+ Kg8 38.Rxf8+ Kxf8 39.Kf3 Bd2 40.g4 Kf7 41.Bd6 Ke8 42.Bc5 fxg4+ 43.Kxg4 h5+
44.Kf3 Kd7 45.e4 Bc1 46.b3 Kc6 47.Bd4 dxe4+ 48.Kxe4 h4  1/2-1/2

[Event "JUG-chT"]
[Site "Nis"]
[Date "1994.??.??"]
[Round "?"]
[White "Ilic, Zoran"]
[Black "Mitkov, Marjan"]
[Result "1/2-1/2"]
[WhiteElo "2390"]
[BlackElo "2315"]

1.d4 Nf6 2.Nf3 e6 3.c4 b6 4.g3 Ba6 5.b3 Bb4+ 6.Bd2 Be7 7.Bg2 Bb7 8.O-O O-O
9.Bc3 d5 10.Ne5 Nbd7 11.Nxd7 Qxd7 12.Nd2 c5 13.dxc5 bxc5 14.cxd5 exd5 15.e4 d4
16.Bb2 Rfe8 17.Re1 Rac8 18.Rc1 Bf8 19.Ba3 g5 20.f3 h5 21.e5 Nd5 22.Ne4 Qf5
23.Bxc5 Bxc5 24.Rxc5 Rxc5 25.Nxc5 Ne3 26.Qd3 Qxd3 27.Nxd3 Nxg2 28.Kxg2 g4
29.Kg1 Bxf3 30.b4  1/2-1/2

[Event "NLD-ch op"]
[Site "?"]
[Date "1994.??.??"]
[Round "?"]
[White "Blees, Albert"]
[Black "Oei, Hway Ik"]
[Result "0-1"]
[WhiteElo "2420"]
[BlackElo "2265"]

1.d4 Nf6 2.c4 e6 3.Nf3 b6 4.g3 Ba6 5.Nbd2 Bb7 6.Bg2 Be7 7.O-O O-O 8.Qc2 d5
9.cxd5 Bxd5 10.b3 Nbd7 11.Bb2 Rc8 12.e4 Ba8 13.Rad1 c5 14.d5 exd5 15.exd5 Bxd5
16.Nc4 Qc7 17.Rfe1 Rfe8 18.Ng5 Bxg2 19.Rxd7 Qxd7 20.Bxf6 g6 21.Bxe7 Rxe7
22.Rd1 Qc6 23.Ne3 Bh1 24.h4 h6 25.Nh3 Bf3 26.Re1 Rd8 27.Kh2 Qd7 28.Ng1 Bb7
29.h5 Qc6 30.Nh3 g5 31.Qb2 Qf3 32.Rg1 Rxe3 33.fxe3 Qxe3  0-1

[Event "NLD-chT9495"]
[Site "?"]
[Date "1994.??.??"]
[Round "5"]
[White "Van Egmond, Rogier Marcel"]
[Black "Van der Linde, Meindert"]
[Result "1-0"]
[WhiteElo "2315"]
[BlackElo "2260"]

1.d4 e6 2.c4 Nf6 3.Nf3 b6 4.g3 Ba6 5.b3 Bb4+ 6.Bd2 Be7 7.Bg2 Bb7 8.O-O O-O
9.Nc3 d5 10.cxd5 exd5 11.Qc2 Re8 12.Rfd1 a6 13.Ne5 Nbd7 14.Bf4 Bd6 15.Nd3 Qe7
16.Rac1 Rac8 17.Bxd6 Qxd6 18.b4 Ne4 19.Qb2 Bc6 20.e3 h5 21.Nf4 Ndf6 22.Nxe4 dxe4
23.h4 Nd5 24.Nxd5 Bxd5 25.Bh3 Ra8 26.a4 a5 27.b5 Re7 28.Rc3 Rf8 29.Rdc1 f6
30.Bf5 g5 31.Kf1 gxh4 32.gxh4 Rg7 33.Qc2 Re8 34.Rxc7 Ree7 35.Rc8+ Kf7 36.Qe2 Rg4
37.Bxg4 Qh2 38.Bxh5+ Ke6 39.Qg4+  1-0